Les homonymes dans la langue française - lettre K - Statistiques

Statistiques générales
  • Ce quiz a été pris 152 fois
  • Le résultat moyen est 13 sur 17
Statistiques - réponses
Mot Indice Homonyme % Correct
kart postale carte
99%
kapo voiture capot
98%
krak évoque un bruit sec crac
97%
kan conjonction quand
95%
ka circonstance cas
91%
kermès fête kermesse
91%
kriek petite baie crique
84%
kan équipe camp
82%
K.O néant chaos
78%
krak drogue crack
78%
kriek appareil de levage cric
77%
kit en règle quitte
77%
kaballe complot cabale
71%
koto espace en pente coteau
69%
Kourou colère courroux
65%
K.O secousse cahot
38%
kawa café caoua
35%
Aucun quiz correspondant
Distribution des résultats
% des personnes avec chaque résultat
Percentile par nombre de réponses
Votre historique - résultats
Vous n’avez pas pris ce quiz